• 首页
  • 本馆介绍
  • 公告通知
  • 最新文献
  • 馆藏检索
  • 电子资源
  • 读者导购
  • 参考咨询
  • 我的图书馆
  • 登录
  • 详细信息显示
  • 放入我的书架
  • 预约/预借图书
  • 作者相关作品
  • 分类相关作品
  • 丛书相关作品
  • 出版社相关作品

书目信息

  • 表格格式
  • 工作单格式
  • 卡片格式
题名:
汽车产品与造型的宜人设计
    
 
作者: 于海洋 著
分册:  
出版信息: 长春   吉林大学出版社  2021.1
页数: 225页
开本: 24cm
丛书名:
单 册:
中图分类: U462.2
科图分类:
主题词: 汽车--造型设计
电子资源:
ISBN: 978-7-5692-7447-9
000 00870nam0 2200229 45
001 012001002046
005 20140913094523.0
010    @a978-7-5692-7447-9@dCNY52.00
100    @a20210205d2020 em y0chiy50 ea
101 0  @achi
102    @aCN@b220000
105    @aa z 000yy
106    @ar
200 1  @a汽车产品与造型的宜人设计@Aqi che chan pin yu zao xing de yi ren she ji@e最具市场价值的汽车产品交互体验与人因设计方法@f于海洋著
210    @a长春@c吉林大学出版社@d2021.1
215    @a225页@c图@d24cm
330    @a本书内容包括:汽车产品与造型的人因设计方法、汽车产品消费群的交互体验与人因设计、车身形态造型的交互体验与人因设计、车内空间造型的交互体验与人因设计、操控界面造型的交互体验与人因设计等。
606 0  @a汽车@x造型设计
690    @aU462.2@v5
701  0 @a于海洋@Ayu hai yang@4著
801  0 @aCN@bBJSDL@c20211011
905    @b1338229-32@dU462.2@e1075@f4
    
    汽车产品与造型的宜人设计:最具市场价值的汽车产品交互体验与人因设计方法/于海洋著.-长春:吉林大学出版社,2021.1
    225页:图;24cm
    
    
    ISBN 978-7-5692-7447-9:CNY52.00
    本书内容包括:汽车产品与造型的人因设计方法、汽车产品消费群的交互体验与人因设计、车身形态造型的交互体验与人因设计、车内空间造型的交互体验与人因设计、操控界面造型的交互体验与人因设计等。
●
相关链接 在E读中查询图书 在五车中查询图书 在当当中查询图书 在豆瓣中查询图书


正题名:汽车产品与造型的宜人设计     索取号:U462.2/1075         预约/预借

序号 登录号 条形码 馆藏地/架位号 状态 备注
1 1338229   213382294   第二样本阅览室/ [索取号:U462.2/1075] 在馆    
2 1338230   213382301   第三借阅区/ [索取号:U462.2/1075] 在馆    
3 1338231   213382310   第三借阅区/ [索取号:U462.2/1075] 在馆    
4 1338232   213382329   第三借阅区/ [索取号:U462.2/1075] 在馆    
唐山师范学院图书馆 欢迎您!
大连网信软件有限公司© 版权所有